Tunisie, terre de rencontres et de civilisation : catalogue de l'exposition archéologique, Séville, mai-octobre 1992 /

محفوظ في:

مؤلف مشترك: Tunisia. Direction des antiquités et arts.

مؤلفون آخرون: Fanṭar, Muḥammad.

التنسيق: كتاب

اللغة: French
Arabic

منشور في: Tunis : Agence nationale du patrimoine : Institut national d'archéologie et d'arts, 1992.

الموضوعات:

الوسوم: إضافة وسم

لا توجد وسوم, كن أول من يضع وسما على هذه التسجيلة!

رقم الطلب: DT251 .T25

LEADER 00928nam a22002177a 4500
003 OSt
005 20260420165747.0
008 260420t1992 ti a 001 0 fer d
040 |c ARCE Library 
041 1 |a fre  |a ara 
050 1 4 |a DT251  |b .T25 
245 0 0 |a Tunisie, terre de rencontres et de civilisation :  |b catalogue de l'exposition archéologique, Séville, mai-octobre 1992 /   |c [publ. par l'] Agence nationale du patrimoine ; [et l'] Institut national d'archéologie et d'arts ; sous la dir. scientifique de M'Hamed Hassine Fantar. 
264 1 |a Tunis :   |b Agence nationale du patrimoine :   |b Institut national d'archéologie et d'arts,   |c 1992. 
300 |a 309 pages :   |b illustrations (color) ;   |c 27 cm. 
546 |a French and Arabic. 
651 0 |a Tunisia   |z Tunis. 
700 1 |a Fanṭar, Muḥammad.  |9 29803 
710 2 |a Tunisia.  |b Direction des antiquités et arts. 
901 |a reviewed 
942 |c BK  |2 lcc 
999 |c 14958  |d 14958